Chaîne de mots de 5 lettres - Littérature - Statistiques

Statistiques générales
  • Ce quiz a été pris 15 291 fois
  • Le résultat moyen est 15 sur 26
Statistiques - réponses
Indice Réponse % Correct
Ils sont sept dans Blanche-Neige Nains
98%
Amant de Juliette à Vérone Roméo
92%
Sous le pont Mirabeau coule la _____ Seine
87%
Auteur de L'Étranger en 1942 Camus
85%
Chateaubriand: Mémoires d'____-tombe Outre
84%
_____ Allan Poe Edgar
76%
Frères recueilleurs de contes allemands Grimm
75%
Petite fille suisse des montagnes Heidi
71%
Alcott: Les Quatre Filles du Docteur _____ March
70%
Dickens: Oliver _____ Twist
68%
Amoureuse mythique de Tristan Iseut
66%
Répétitions sonores en poésie Rimes
66%
Proust: Du côté de chez _____ Swann
64%
Ville au centre de l'Iliade et l'Odyssée Troie
56%
Mousquetaire le plus âgé chez Dumas Athos
55%
Avant le Purgatoire et le Paradis chez Dante Enfer
55%
Leroux: Le Fantôme de l'_____ Opéra
51%
Perdu et retrouvé chez Proust Temps
50%
Ouvrage en prose, popularisé par Montaigne Essai
42%
Dragon avide dans Le Hobbit Smaug
39%
"Julien" du roman Le Rouge et le Noir Sorel
38%
Fabuliste grec qui inspira Phèdre Ésope
25%
Ville cadre de Stupeur et Tremblements Tokyo
23%
Qualifie le prince Mychkine de Dostoïevski Idiot
19%
Auteur des Voyages de Gulliver Swift
16%
Il est surnommé "Poil de Carotte" Lepic
7%
Aucun quiz correspondant
Distribution des résultats
% des personnes avec chaque résultat
Percentile par nombre de réponses
Votre historique - résultats
Vous n’avez pas pris ce quiz